| 000 | 01052nam a2200277Ia 4500 | ||
|---|---|---|---|
| 001 | 3056 | ||
| 003 | GE_BSU | ||
| 008 | 181216s||||||||xx |||||||||||||| ||und|| | ||
| 020 | _a5020122106 | ||
| 040 | _cGE_BSU | ||
| 080 | _a330 | ||
| 245 | _aСправочник предпринимателя | ||
| 245 | _bРозничная торговля. Оптовая торговля. Грузовой транспорт. Общественное питание и гостиничное хозяйство | ||
| 245 | _cХ. Юккель, Х. Берр, К. Раймерц и др. ред. Р.С.Головина, О.А.Плетнева и др. | ||
| 260 | _aМосква | ||
| 260 | _bНаука | ||
| 260 | _c1994 | ||
| 300 | _a592 с. 24 см. | ||
| 541 | _h20 л. | ||
| 653 | _aгостиничное хозяйство | ||
| 653 | _aГрузовой транспорт. | ||
| 653 | _aОбщественное питание | ||
| 653 | _aОптовая торговля. | ||
| 653 | _aРозничная торговля. | ||
| 942 | _cBK | ||
| 999 |
_c37100 _d37100 |
||